000 00237nam a2200085Ia 4500
245 0 _aFatburning : exercise & diet
100 _a ROSCHINSKY, Johannes Oxford, 2004
_968553
942 _cBK
008 210818s9999 xx 000 0 und d
999 _c442502
_d442502